| 000 | 02340nam a2200517 i 4500 | ||
|---|---|---|---|
| 001 | DIGANAGRA0248 | ||
| 003 | NyNyDIG | ||
| 006 | m o d | ||
| 007 | cr ||||||||||| | ||
| 008 | 210209s2016 sp o 000 0 spa d | ||
| 035 | _a(OCoLC)1237797578 | ||
| 040 |
_aDGITA _beng _erda _epn _cDGITA |
||
| 020 |
_a9788433937087 _qeBook |
||
| 020 | _z9788433964014 | ||
| 041 | 1 |
_aspa _heng |
|
| 043 | _ae------ | ||
| 050 | 1 | 4 | _aJV6346 eBook |
| 082 | 0 | 4 | _a325.21094 |
| 100 | 1 |
_aŽižek, Slavoj, _eauthor. |
|
| 240 | 1 | 0 |
_aAgainst the double blackmail. _lSpanish _s(Alou) |
| 245 | 1 | 3 |
_aLa nueva lucha de clases : _blos refugiados y el terror / _cSlavoj Žižek ; traducción, Damià Alou. |
| 250 | _aEdición en formato digital. | ||
| 264 | 1 |
_aBarcelona : _bEditorial Anagrama, _c[2016] |
|
| 300 | _a1 online resource. | ||
| 336 |
_atext _btxt _2rdacontent |
||
| 337 |
_acomputer _bc _2rdamedia |
||
| 338 |
_aonline resource _bcr _2rdacarrier |
||
| 347 |
_atext file _2rdaft |
||
| 347 | _bEPUB | ||
| 490 | 1 | _aColección Argumentos | |
| 505 | 0 | _aEl doble chantaje -- Un descenso al Maelstrom -- Romper los tabúes de la izquierda -- El obsceno envés de las religiones -- Violencia divina -- La economía política de los refugiados -- De las guerras culturales a la lucha de clases...y viceversa -- ¿De dónde procede la amenaza? -- Los límites del amor al prójimo -- Los odiosos mil en Colonia -- ¿Qué hacer? | |
| 588 | 0 | _aOnline resource; title from ePub title page (Digitalia, viewed February 9, 2021) | |
| 650 | 0 |
_aRefugees _zEurope. |
|
| 650 | 0 |
_aRefugees _xInternational cooperation. |
|
| 651 | 0 |
_aEurope _xEmigration and immigration _xGovernment policy. |
|
| 655 | 0 | _aElectronic books. | |
| 700 | 1 |
_aAlou, Damià, _d1959- _etranslator. |
|
| 700 | 1 |
_iTranslation of: _aŽižek, Slavoj. _tAgainst the double blackmail. |
|
| 776 | 0 | 8 |
_iPrint version: _aŽižek, Slavoj. _sAgainst the double blackmail. Spanish (Alou). _tNueva lucha de clases. _dBarcelona : Editorial Anagrama, 2016 _z9788433964014 |
| 791 | 2 |
_aDigitalia (Firm), _edistributor. |
|
| 793 | 0 |
_gDigitalia Hispánica eBook Collection: _aAnagrama |
|
| 830 | 0 |
_aColección Argumentos (Editorial Anagrama) ; _v498. |
|
| 856 | 4 | 0 |
_3Digitalia Hispánica _uhttps://www.digitaliapublishing.com/a/42389/ |
| 910 | _aPremium Collection: 2021 | ||
| 942 | _cRAA | ||
| 999 |
_c247238 _d247238 |
||